00277nam a22001097a 4500008004100000020002300041082001000064100001700074245002200091260003400113300002000147230405b |||||||| |||| 00| 0 eng d a978-81-8495-6654-2 a650.1 aDeepak Mehra aReady, Steady, Go bJaico Publishing House,c2015 a209 p.c21.5 cm